Komárno - Hlavné námestí

Zobrazenie: Pohľad na vydláždenú ulicu námestia. Vľavo v pozadí vidno radnicu. Vpravo v pozadí vidno budovu prvej komárňanskej sporiteľne. Vľavo v pozadí pred radnicou vidno sochu generála Klapku. Vľavo trčia do záberu holé konáre vysokého listnatého stromu. Zľava aj sparava od sochy na námestí pred...

Full description

Bibliographic Details
Format: Photo
Language:Slovak
Hungarian
PhysicalDescription:1 pohľadnica čiernobiela 9 x 14 cm
Published: Komárom Spitzer Sándor [medzi 1905 a 1938?]
Subjects:

MARC

LEADER 00000nkm a2200000 a 4500
001 vtls011882329
003 SK-MaSNL
005 20260301185020.0
007 kf bo
008 230718q1905 xo g kuslo
015 |a SNBG 
035 |a urn:nbn:sk:snk-km00ds8b 
035 |a urn:nbn:sk:snk-km3lvkm 
035 |a 9CB46094-7529-45FF-ACD7-E7AD69D319EF 
040 |a SNK  |b slo  |c SNK  |e AACR2 
041 0 |a slo  |a hun 
043 |a e-xo--- 
044 |a xo  |c SK 
072 7 |a 913  |x Regionálna geografia  |2 konspekt 
080 |a 913(437.6)  |2 2011 
080 |a 725.1:352  |2 2011 
080 |a (084.121)  |2 2011 
080 |a 336.722  |2 2011 
080 |a 730  |2 2011 
080 |a 711.61  |2 2011 
245 0 0 |a Komárno - Hlavné námestí  |h grafika 
246 3 1 |a Komárom - Klapka tér 
260 |a Komárom  |b Spitzer Sándor  |c [medzi 1905 a 1938?] 
300 |a 1 pohľadnica  |b čiernobiela  |c 9 x 14 cm 
500 |a Názvové údaje prevzaté z obrazovej časti pohľadnice 
500 |a Pôvodný názov v maďarčine bol prečiarknutý a nahradený slovenským dodatočne 
520 8 |a Zobrazenie: Pohľad na vydláždenú ulicu námestia. Vľavo v pozadí vidno radnicu. Vpravo v pozadí vidno budovu prvej komárňanskej sporiteľne. Vľavo v pozadí pred radnicou vidno sochu generála Klapku. Vľavo trčia do záberu holé konáre vysokého listnatého stromu. Zľava aj sparava od sochy na námestí pred radnicou vidno rady stromov bez lístia. V pozadí je niekoľko ľudí na námestí 
546 |a Súbežný názov v maď. 
600 1 7 |a Klapka, György,  |d 1820-1892  |2 SNKMA  |9 44824 
650 0 7 |a radnice  |2 SNKPH  |9 27759 
650 0 7 |a sporiteľne  |2 SNKPH  |9 2271 
650 0 7 |a sochy  |2 SNKPH  |9 29846 
650 0 7 |a námestia  |2 SNKPH  |9 26291 
651 7 |a Komárno (Slovensko)  |2 SNKPHgeo  |9 39168 
655 7 |a miestne pohľadnice  |2 SNKPH  |9 70510 
752 |a Slovensko  |d Komárno 
852 |a Slovenská národná knižnica 
954 |a pohľadnice pôvodné (slovenské)  |2 lita 
958 |a OND 
958 |a GBN 
958 |a GC 
958 |a EUIPO 
999 |c 862467  |d 864397 
952 |a SNK  |b SNK  |y PREZ  |7 0  |p 17A1281456  |o snkSP 99244  |z Pohľadnica prešla poštou.  |0 0  |1 0  |4 0  |d 2019-08-19  |f 1  |l 0  |r 2026-02-24 05:16:39  |w 2026-02-24